000
00247nam a2200109Ia 4500
008
190216s9999||||xx |||||||||||||| ||und||
100
_a
Sivadasa Menon
245
0
_a
Malabarile Shikkar
260
_b
Null
650
_a
Malayalam Essays
942
_c
BK
999
_c
24302
_d
24302